Borbély Sándor látogatása megyénkben

Elmentve itt :
Bibliográfiai részletek
Szerző: Enyedi Zoltán
Dokumentumtípus: Cikk
Megjelent: 1977-11-24
Sorozat:Délmagyarország 67 No. 276
Kulcsszavak:hazai politikusok látogatásai
Online Access:http://dmarchiv.bibl.u-szeged.hu/112787
LEADER 00479nab a2200157 i 4500
001 delm112787
005 20190514125407.0
008 190514s1977 hu o 0|| hun d
040 |a SZTE Délmagyarország Archívum  |b hun 
041 |a hun 
100 1 |a Enyedi Zoltán 
245 1 0 |a Borbély Sándor látogatása megyénkben  |h [elektronikus dokumentum] /  |c  Enyedi Zoltán 
260 |c 1977-11-24 
300 |a 1 
490 0 |a Délmagyarország  |v 67 No. 276 
695 |a hazai politikusok látogatásai